00361nam a2200145Ia 4500003000400000008004100004020002600045040000800071100001900079245005500098250001200153260002600165300001300191365001100204LDD181029s9999 xx 000 0 und d a9781412903769c800.00 cLDD aPennings, Paul 0aDoing research in political sciencecPaul Pennings a2nd ed. aNew DelhibSagec2006 ax, 324p. b800.00